Biblioteca

Ministerio de jóvenes con propósito : nueve principios básicos para un crecimiento saludable / Doug Fields (Registro nro. 32205)

Detalles MARC
000 -LÍDER
Campo fijo de descripción fija 007170000a22002170004500
020 ## - NÚMERO INTERNACIONAL NORMALIZADO PARA LIBROS
Número Internacional Normalizado del libro 0-8297-3199-7
082 04 - NÚMERO DE CLASIFICACIÓN DECIMAL DEWEY
Número de clasificación G 259.23 F461m
001 - NÚMERO DE CONTROL
Campo de control 753
100 1# - ASIENTO PRINCIPAL--NOMBRE PERSONAL
Nombre personal Fields, Doug (1962-)
245 10 - TÍTULO
Título del Material Ministerio de jóvenes con propósito : nueve principios básicos para un crecimiento saludable / Doug Fields
260 ## - PUBLICACIÓN, DISTRIBUCIÓN, ETC. (PIE DE IMPRENTA)
Lugar de publicación, distribución, etc. Miami : Vida
300 ## - DESCRIPCIÓN FÍSICA
Extensión 429 Pag.
336 ## - CONTENT TYPE
Content type term texto
Content type code txt
Source rdacontent
337 ## - MEDIA TYPE
Source rdamedia
Media type term sin mediación
Media type code n
338 ## - CARRIER TYPE
Source rdacarrier
Carrier type term volumen
Carrier type code nc
500 ## - NOTA GENERAL
Nota General Contiene apendice
650 14 - ASIENTO SECUNDARIO DE MATERIA - TERMINO TEMÁTICO
Término temático o nombre geográfico como elemento de entrada LIDERAZGO CRISTIANO \ MINISTRO \ EDUCACION CRISTIANA DE JOVENES
942 ## - TIPO DE MATERIAL (KOHA)
Tipo de Item KOHA Libros General
Existencias
Estado de Material Estado de Perdido Estado de Dañado No para Préstamo Colección Tomo Biblioteca de Origen Biblioteca Permanente Fecha de Adquisición Total de Préstamos Total de Renovaciones Signatura Topográfica Código de Barras Última vez visto Última vez Préstado Ejemplar/Existencia Fecha de Remplazo Tipo de Material
        Colección General   Biblioteca FUSBC Biblioteca FUSBC 27/10/2008 5 3 G 259.23 F461m 16950 01/11/2023 03/10/2023 1 26/01/2016 Libros General

Biblioteca FUSBC | Teléfono: (57+4) 349 88 10 Ext. 141| WhatsApp (+57) 3005338115 
E-mail: biblioteca@unisbc.edu.co | Calle 76 87-14 Robledo Palenque, Medellín, Colombia

Con tecnología Koha